El régimen electoral en la constitución de 1949 /
Salvato in:
| Autore principale: | |
|---|---|
| Natura: | Libro |
| Lingua: | Spanish |
| Tags: |
Aggiungi Tag
Nessun Tag, puoi essere il primo ad aggiungerne!!
|
MARC
| LEADER | 00000nam a22000007a 4500 | ||
|---|---|---|---|
| 003 | cru CIDCACS/IIS | ||
| 005 | 20170921133226.0 | ||
| 007 | ta | ||
| 008 | 170921b2010 cr |||p|r|||| 00| 0 spa d | ||
| 999 | |c 40480 |d 40480 | ||
| 040 | |c cru CIDCACS/IIS | ||
| 100 | 1 | |9 5673 |a Sobrado González, Luis Antonio | |
| 245 | 1 | 3 | |a El régimen electoral en la constitución de 1949 / |c Luis Antonio Sobrado González |
| 300 | |a páginas 29-49 | ||
| 773 | 0 | |0 40478 |9 1348 |a Costa Rica. Tribunal Supremo de Elecciones |d San José, Costa Rica: Tribunal Supremo de Elecciones 2006- |o 17629 |t Revista de Derecho Electoral / | |
| 942 | |2 ddc |c PP | ||
